| 000 | 01019cam a2200337 a 4500 | ||
|---|---|---|---|
| 001 | 5671 | ||
| 003 | FISKH | ||
| 005 | 20250113090600.0 | ||
| 008 | 980515s1998 nyua b 000 0 eng | ||
| 010 | _a 98025068 | ||
| 020 | _a078943766X (hbk. : alk. paper) | ||
| 020 | _a9780756675875 | ||
| 020 | _a0789434393 (pbk. : alk. paper) | ||
| 040 |
_aDLC _cDLC _dDLC _beng |
||
| 050 | _aQL666.O6 | ||
| 082 | _a597.96 | ||
| 100 | 1 | _aDussling, Jennifer. | |
| 245 | 1 | 0 |
_aSlinky, scaly snakes / _cwritten by Jennifer Dussling. |
| 260 |
_aNew York : _bDK Publishing, _c1998. |
||
| 300 |
_a32 pages : _bcolor illustrations ; _c23 cm |
||
| 490 | 0 | _aBeginning to read alone. Level 2 | |
| 505 | _aN | ||
| 520 | _aAn introduction to the physical characteristics and habits of snakes. | ||
| 521 |
_a550
_bLexile |
||
| 521 |
_aN
_bRaz-Plus |
||
| 650 | 0 |
_aSnakes _xJuvenile literature. |
|
| 650 | 1 | _aSnakes. | |
| 906 |
_a7 _bcbc _corignew _d1 _eocip _f19 _gy-gencatlg |
||
| 942 |
_2ddc _cBK _n0 |
||
| 999 |
_c5671 _d5671 |
||